00843nam a2200229 a 450000100100000000500170001000800410002702000180006804000250008608200160011110000200012724501370014726000540028430000210033849000150035950000730037450000750044750400320052270000210055470000230057583000150059800004841920201002061135.0190314s2017 dr r 000 0 spa d a9789945470567 aDO-SdBNPbspacBNPHU axxxxbT676v1 aTorcal, Mariano13aEl votante Dominicano :bciudadanos y elecciones en la República Dominicana /cMariano Torcal, Leticia M. Ruiz, Gerardo Maldonado. aSanto Domingo :bFUNGLODE;bCIDE;bFLACSO,c2017. a253 p. ;c23 cm.1 aPolítica aIncluye referencias bibliográficas y notas al pie de las páginas aIncluye datos biográficos de los autores en la solapa de la cubierta aBibliografía : p. 227-2491 aRuiz, Leticia M.1 aMaldonado, Gerardo 0aPolítica